000 00995nam a2200241 i 4500
001 37061
003 ES-MaACL
005 20250725062531.0
007 t|
008 030220s1947 fr ||||1| fre d
100 1 _aBruhat, Georges.
_932109
245 1 0 _aCours de Physique génerale a l'usage de l'enseignement superieur...
_b: electricité /
_cGeorges Bruhat.
250 _a5eme ed., rev. et corr., 2eme tirage.
260 _aParís :
_bMasson et Cie,
_c1947 (
_ePoitiers :
_fMarc Texier)
300 _a762 p. :
_bil. ;
_c24 cm.
650 7 _aFísica
_2embne
_912877
650 7 _aElectricidad
_2embne
_912159
852 _aES-MaACL
_jD-6391
_bR.31819
_bR.M.5986
_938409
_cSVI
_fSello en tinta azul de la Biblioteca del Ateneo de Madrid
_xEncuadernación hoalndesa en tela azul marino
942 _2udc
_cMONOGRAFIA
999 _c37061
_d37061